| 000 | 00501nam a2200169 4500 | ||
|---|---|---|---|
| 001 | 135798 | ||
| 003 | ES-MaACL | ||
| 005 | 20230906194947.0 | ||
| 007 | t| | ||
| 008 | 070214s1962 sp r ||||1| spa d | ||
| 100 | 1 |
_aRuiz de Asua, Raúl. _9220177 |
|
| 245 | 1 | 0 |
_aCostumbres gentilicias de Angola / _cpor Raúl Ruiz de Asua. |
| 260 |
_a[S. l.] : _b[s. n.], _c1962 ( _eVitoria : _fGráf. Eset) |
||
| 300 |
_a128 p., 2 lám. ; _c15 cm. |
||
| 852 |
_aES-MaACL _jC-21768 _bR.49835 |
||
| 999 |
_c135798 _d135798 |
||